| 000 | 00947cam a22002775a 4500 | ||
|---|---|---|---|
| 001 | 17343105 | ||
| 005 | 20151115134523.0 | ||
| 008 | 120612t2013 inua fr 001 0 eng d | ||
| 020 | _a9781118261361 | ||
| 040 |
_aDPL _beng _cDPL _dEG-ScBUE _dEG-ScBUE |
||
| 082 | 0 | 4 |
_a650.144 _bMON _222 |
| 100 | 1 |
_aMongan, John, _d1976- _938739 |
|
| 245 | 1 | 0 |
_aProgramming interviews exposed : _bsecrets to landing your next job / _cJohn Mongan, Eric Giguere, Noah Kindler. |
| 250 | _a3rd ed. | ||
| 260 |
_aIndianapolis : _bJohn Wiley & Sons,Inc., _cc.2013. |
||
| 300 |
_axxxi, 301 p. : _bill. ; _c24 cm. |
||
| 490 | 0 | _aWrox professional guides | |
| 500 | _aIndex : p. 285-301. | ||
| 650 | 0 |
_aEmployment interviewing. _2BUEsh |
|
| 650 | 0 |
_aComputer programming _xVocational guidance. _2BUEsh |
|
| 651 | _2BUEsh | ||
| 653 |
_bBUSADM _cSeptember2015 _cNovember2015 |
||
| 700 | 1 |
_aGiguere, Eric, _d1967- |
|
| 700 | 1 | _aKindler, Noah. | |
| 942 |
_2ddc _k650.144 MON |
||
| 999 |
_c20834 _d20806 |
||